000
00322pab a2200133 454500
008
180718b1997 xxu||||| |||| 00| 0 eng d
245
_a
Defining sustainability: special issue
260
_c
1997
300
_a
p.448-630
362
_a
Nov
650
_a
Sustainable development
773
_a
Land Economics
909
_a
36739
999
_c
36739
_d
36739